Manual de recursos naturales renovables para cabildos verdes y autoridades locales (Registro nro. 426)

Detalles MARC
000 -CABECERA
Campo de control 00925nam a2200253 a 4500
005 - FECHA Y HORA DE LA ULTIMA TRANSACCION
Campo de control 20161004115803.0
008 - ELEMENTOS DE LONGITUD FIJA—INFORMACION GENERAL
Campo de control 140220s1992 ck |||||r|||| 00| 0 spa d
040 ## - FUENTE DE CATALOGACIÓN
Agencia catalogadora original CO-BoIAVH
Agencia transcriptora CO-BoIAVH
041 0# - IDIOMA
Código de idioma para texto/pista de sonido o título separado Español
044 ## - PAÍS DE PUBLICACIÓN
País de publicación Colombia
082 04 - NUMERO DE CLASIFICACION DECIMAL DEWEY
Número de clasificación 333.95068
Número del ítem I38p
110 1# - ASIENTO PRINCIPAL--NOMBRE CORPORATIVO
Unidad subordinad Instituto Nacional de los Recursos Naturales Renovables y del Ambiente
9 (RLIN) 76657
245 10 - MENCION DE TITULO
Título Manual de recursos naturales renovables para cabildos verdes y autoridades locales
260 ## - PUBLICACION, DISTRIBUCION, ETC. (PIE DE IMPRENTA)
Lugar de publicación, distribución, etc. Bogotá :
Nombre del editor, distribuidor, etc. INDERENA,
Fecha de publicación, distribución, etc. 1992.
300 ## - DESCRIPCION FISICA
Extensión 130 páginas ;
Dimensiones 22 x 16 cm.
630 ## - ASIENTO SECUNDARIO DE MATERIA - TITULO UNIFORME
Uniform title Decreto 829 de 1984
9 (RLIN) 76658
630 ## - ASIENTO SECUNDARIO DE MATERIA - TITULO UNIFORME
Uniform title Resolución 0152 de 1992
9 (RLIN) 76659
630 ## - ASIENTO SECUNDARIO DE MATERIA - TITULO UNIFORME
Uniform title Resolución 0744 de 1992
9 (RLIN) 76660
650 26 - ASIENTO SECUNDARIO DE MATERIA - TERMINO TEMATICO
Término temático o nombre geográfico como elemento de entrada Recursos naturales
Subdivisión de forma Manuales
Subdivisión geográfica Colombia
9 (RLIN) 76661
650 26 - ASIENTO SECUNDARIO DE MATERIA - TERMINO TEMATICO
Término temático o nombre geográfico como elemento de entrada Recursos renovables
Subdivisión de forma Manuales
Subdivisión geográfica Colombia
9 (RLIN) 76662
650 26 - ASIENTO SECUNDARIO DE MATERIA - TERMINO TEMATICO
Término temático o nombre geográfico como elemento de entrada Política ambiental
Subdivisión geográfica Colombia
9 (RLIN) 76663
650 26 - ASIENTO SECUNDARIO DE MATERIA - TERMINO TEMATICO
Término temático o nombre geográfico como elemento de entrada Legislación ambiental
Subdivisión geográfica Colombia
9 (RLIN) 76664
942 ## - ELEMENTOS ADICIONALES (KOHA)
Tipo de ítem Libro
Sistema de clasificación Dewey Decimal Classification
Existencias
Withdrawn status Lost status Sistema de Clasificación Damaged status No para préstamo Colección Inventariado Ubicación Permanente Ubicación actual Fecha de adquisición Fuente de Valor Total Checkouts Número topográfico Inventario / Código de Barras Date last seen Ejemplar Price effective from Forma de adquisición Tipo de material
    Dewey Decimal Classification     General Inventariado 2017 Sala Fabio Quevedo Sala Fabio Quevedo 01/02/1998 Instituto   LB-333.95068 I38p 000580 04/12/2012 Ej. 1 04/12/2012 Institucional Libro